رسول اکرم مولی علی کی (Record no. 26469)
[ view plain ]
| 000 -LEADER | |
|---|---|
| fixed length control field | 00349nam a2200133Ia 4500 |
| 008 - FIXED-LENGTH DATA ELEMENTS--GENERAL INFORMATION | |
| fixed length control field | 230718s9999 xx 000 0 und d |
| 082 ## - DEWEY DECIMAL CLASSIFICATION NUMBER | |
| Classification number | 336.24 |
| Item number | شری-ر |
| 100 ## - MAIN ENTRY--AUTHOR | |
| Author Name | شریف پر دھیر تھا |
| 245 #0 - TITLE STATEMENT | |
| Title | رسول اکرم مولی علی کی |
| 260 ## - PUBLICATION, DISTRIBUTION, ETC. | |
| Place of Publication | Pakistan |
| Name of publisher, distributor, etc. | A leer Acadny |
| Date of publication, distribution, etc. | 1995 |
| 300 ## - PHYSICAL DESCRIPTION | |
| Pages | 279 |
| 650 ## - SUBJECT ADDED ENTRY--TOPICAL TERM | |
| Subject / Department | Law |
| 952 ## - LOCATION AND ITEM INFORMATION (KOHA) | |
| -- | 0 |
| -- | 0 |
| Lost status | Damaged status | Permanent Location | Current Location | Date acquired | Full Call Number | Accession No./Barcode | Date last seen | item type |
|---|---|---|---|---|---|---|---|---|
| Superior Information Resource Center (SIRC) Superior University-Law Campus | Superior Information Resource Center (SIRC) Superior University-Law Campus | 07/18/2023 | 336.24 شری-ر | 21421 | 07/18/2023 | BOOK |
